Statystyki dla Flagi historycznych państw

Kliknij tutaj aby rozwiązać quiz!

Ogólne statystyki

  • Ten quiz został rozwiązany 46 razy
  • Średni wynik to 6 z 51

Statystyki odpowiedzi

Odpowiedź% Poprawnych
Wolne Miasto Gdańsk
92%
Teksas
61%
Kalifornia
53%
Krym
37%
Republika Korsyki/Królestwo Anglo-Korsykańskie
37%
Rzeczpospolita Krakowska
34%
Czeczenia
32%
Noworosja
29%
Skonfederowane Stany Ameryki
26%
Tuwińska Republika Ludowa
26%
Krymska Republika Ludowa
21%
Wietnam Południowy
21%
Biafra
11%
Orania
11%
Księstwo Kurlandii i Semigalii
8%
Kubańska Republika Ludowa
8%
Państwo Derwiszów
8%
Rodezja
8%
Ałasz Orda
5%
Alzacka Republika Rad
5%
Bucharska Ludowa Republika Radziecka
5%
Chanat Buchary
5%
Chanat Chiwy
5%
Protektorat Saary
5%
Republika Dalekiego Wschodu
5%
Republika Dońska
5%
Republika Północnej Ingrii
5%
Sowiecka Republika Naissaar
5%
Transwal
5%
Vermont
5%
Wolne Miasto Fiume
5%
Wolne Terytorium
5%
Zachodnia Bośnia
5%
Zakaukazie
5%
Zanzibar
5%
Zjednoczona Republika Arabska
5%
Acre
3%
Jemen Północny
3%
Jukatan
3%
Katanga
3%
Królestwo Kurdystanu
3%
Rio Grande
3%
Terytorium Saary
3%
Wolne Terytorium Triestu
3%
Zjednoczone Księstwa Bałtyckie
3%
Chorezmijska Ludowa Republika Radziecka
0%
Emirat Północnego Kaukazu
0%
Federacja Republik Arabskich
0%
Królestwo Hidżazu
0%
Lajtabánság
0%
Republika Górska Północnego Kaukazu
0%

Rozkład punktacji

Percentyl według liczby udzielonych odpowiedzi

Procent ludzi z każdym wynikiem

Twoja historia wyników

Nie rozwiązałeś tego quizu